| Record ID | ia:memoirsoffieldma00hend |
| Source | Internet Archive |
| Download MARC XML | https://archive.org/download/memoirsoffieldma00hend/memoirsoffieldma00hend_marc.xml |
| Download MARC binary | https://www.archive.org/download/memoirsoffieldma00hend/memoirsoffieldma00hend_meta.mrc |
LEADER: 01372cam 2200301Ia 4500
001 6064481
005 20100212084455.0
008 870304s1757 enk 000 0 eng d
035 $a(OCoLC)ocm15267330
035 $a6064481
040 $aMUU$cMUU$dOCLCQ$dOCLCG
035 $a(OCoLC)15267330
041 1 $aeng$hfre
090 $aD297$b.H46 1757
049 $aPITT
100 1 $aHenderson, Andrew,$dfl. 1734-1775.
240 10 $aRelation preliminaire de la victoire remporteé par le marećhal comte de Daun sur lármeé du roi de Prusse le 18 juin 1757.$lEnglish
245 10 $aMemoirs of Field Marshal Leopold Count Daun :$btranslated from a French manuscript and interspersed with many curious anecdotes : among which is a full and particular account of Field Marshal Keith /$cby And. Henderson ...
260 $aLondon :$bPrinted for R. Withy and J. Ryall ... and sold by A. Dodsley ...,$c1757.
300 $a[2], 84 p. ;$c19 cm. (8vo)
500 $aSignatures: [A²], B-L⁴, M² ([A1] missing).
510 4 $aESTC$cT085238
600 10 $aKeith, James Francis Edward,$d1696-1758.
650 0 $aSeven Years' War, 1756-1763.
650 0 $aAustrian Succession, War of, 1740-1748.
700 1 $aDaun, Leopold Joseph Maria von,$cFürst von Thiano,$d1705-1766.
980 $a31735060433202$bMfhd ID: 6169845 Item ID: 4669513 Copy No.: 1 Batch1027
994 $aC0$bPIT